| 000 | 01353nam a2200301 i 4500 | ||
|---|---|---|---|
| 003 | EG-GICUC | ||
| 005 | 20260121101223.0 | ||
| 008 | 251115s2004 ua ||||fr|||| 00| 0 ara d | ||
| 020 | _a9770312703 | ||
| 040 |
_a EG-GICUC _bara _c EG-GICUC _d EG-GICUC _erda |
||
| 041 | 0 | _hara | |
| 082 | 0 | 4 |
_221 _a345.2 _bع ب . ت |
| 092 | 0 | 4 | _221 |
| 099 | _aLaw1 07 345.2 ع ب . ت 2004 | ||
| 100 | 0 |
_aعبد الغني بسيوني عبد الله _eمؤلف. |
|
| 245 | 1 | 2 |
_aالتنظيم الإداري : _bدراسة مقارنة للتنظيم الإداري الرسمي (الأسس-المبادئ-النظم-الأساليب) والتنظيم غير الرسمي (الماهية-الأشكال-المصادر-العلاقة بالتنظيم الاداري الرسمي) / _cالدكـتور عبد الغني بسيوني عبد الله. |
| 264 | 1 |
_aالأسكـندرية : _bمنشأة المعارف ، _c2004. |
|
| 300 |
_a246 صفحة ؛ _c24 سم. |
||
| 336 |
_2rda content _atext |
||
| 337 |
_2rda media _aComputer |
||
| 338 |
_2rda carrier _aOnline Resource |
||
| 504 | _aيشتمل على إرجاعات ببليوجرافية | ||
| 546 | _aالنص باللغة العربية | ||
| 650 | 1 | _aالقانون الإداري | |
| 856 | 4 | 0 | _uhttps://fll.law.cu.edu.eg/fulltext/bks/B07-00806.pdf |
| 905 | _a33 | ||
| 942 |
_2ddc _cBK _e21 _n0 |
||
| 999 |
_c43347 _d43347 |
||